[Event "CAN-op"]
[Site "Ottawa CAN"]
[Date "1980.07.22"]
[Round "5"]
[White "Leblanc, Gerald"]
[Black "Brodie, Hugh"]
[Result "0-1"]
[WhiteElo "1522"]
[BlackElo "1850"]
[PlyCount "62"]
[EventDate "1980.07.19"]
[EventType "swiss"]
[EventRounds "10"]
[EventCountry "CAN"]

1. e4 c5 2. Nf3 Nc6 3. d3 d6 4. g3 g6 5. Bg2 Bg7 6. O-O e5 7. c3 Nge7 8. a3 O-O
9. b4 Qc7 10. Nbd2 b6 11. Nc4 Bb7 12. Ne3 Nd8 13. Nd2 f5 14. f4 exf4 15. gxf4
cxb4 16. axb4 Qxc3 17. Nb3 Qc7 18. Ra2 Ne6 19. Nd5 Nxd5 20. exd5 Nd4 21. Be3
Nxb3 22. Qxb3 Rfe8 23. Rc1 Qe7 24. Bf2 Qf7 25. Ra4 Re2 26. Kf1 Qe7 27. d4 Bxd4
28. Bxd4 Rxg2 29. Re1 Qh4 30. Kxg2 Qxe1 31. Ra1 Qe4+ 0-1

[Event "CAN-op"]
[Site "Ottawa CAN"]
[Date "1980.07.23"]
[Round "6"]
[White "Brodie, Hugh"]
[Black "Daku, Zoltan"]
[Result "1-0"]
[WhiteElo "1850"]
[BlackElo "1610"]
[PlyCount "37"]
[EventDate "1980.07.19"]
[EventType "swiss"]
[EventRounds "10"]
[EventCountry "CAN"]

1. Nf3 g6 2. e4 Bg7 3. d4 d6 4. Bc4 Nf6 5. Qe2 O-O 6. O-O Nc6 7. c3 e5 8. dxe5
Nxe5 9. Nxe5 dxe5 10. Bg5 Qd6 11. Rd1 Bg4 12. f3 Qc5+ 13. Be3 Qe7 14. fxg4 Nxe4
15. Nd2 Nd6 16. Bb3 Kh8 17. Nc4 Nxc4 18. Qxc4 f5 19. Bc5 1-0

[Event "CAN-op"]
[Site "Ottawa CAN"]
[Date "1980.07.24"]
[Round "7"]
[White "Basciano, Peter"]
[Black "Brodie, Hugh"]
[Result "1/2-1/2"]
[WhiteElo "1768"]
[BlackElo "1850"]
[PlyCount "83"]
[EventDate "1980.07.19"]
[EventType "swiss"]
[EventRounds "10"]
[EventCountry "CAN"]

1. b3 e5 2. Bb2 d6 3. e3 c5 4. d4 cxd4 5. exd4 e4 6. d5 f5 7. Bb5+ Bd7 8. Bxd7+
Nxd7 9. Ne2 Ngf6 10. O-O g6 11. Na3 Be7 12. Nf4 Nf8 13. Qd4 Rg8 14. Qa4+ Kf7
15. Rae1 Qc8 16. f3 g5 17. Ne6 Nxe6 18. dxe6+ Qxe6 19. fxe4 f4 20. e5 Nd7 21.
Nb5 dxe5 22. Kh1 Rac8 23. Qe4 a6 24. Qxh7+ Rg7 25. Qh5+ Kg8 26. Nd4 Qf6 27. Qg4
exd4 28. Qxd7 Rd8 29. Qe6+ Qxe6 30. Rxe6 Bc5 31. Rd1 Rd5 32. h3 Rgd7 33. Rde1
Kf7 34. R6e5 Bb4 35. Rxd5 Rxd5 36. Rd1 Bc5 37. Kg1 Ke6 38. Kf1 Ke5 39. Re1+ Kf5
40. Rd1 g4 41. hxg4+ Kxg4 42. Rd3 1/2-1/2

[Event "CAN-op"]
[Site "Ottawa CAN"]
[Date "1980.07.25"]
[Round "8"]
[White "Brodie, Hugh"]
[Black "Laurin, Denys"]
[Result "1/2-1/2"]
[WhiteElo "1850"]
[BlackElo "1688"]
[PlyCount "77"]
[EventDate "1980.07.19"]
[EventType "swiss"]
[EventRounds "10"]
[EventCountry "CAN"]

1. f4 d5 2. Nf3 Nf6 3. b3 g6 4. Bb2 Bg7 5. e3 O-O 6. Be2 c6 7. O-O Bg4 8. Ne5
Bxe2 9. Qxe2 Nbd7 10. d3 Nxe5 11. Bxe5 Nd7 12. Bxg7 Kxg7 13. Nd2 f5 14. e4 fxe4
15. dxe4 e6 16. Rae1 Qb6+ 17. Kh1 Rae8 18. c4 Nf6 19. Qd3 h5 20. Qc3 d4 21. Qb2
c5 22. Nf3 Ng4 23. h3 Nh6 24. Ne5 Qc7 25. Qe2 Nf7 26. Nd3 Nh6 27. g4 hxg4 28.
hxg4 Nf7 29. Kg2 Rh8 30. Rh1 a5 31. Qf3 e5 32. f5 Qe7 33. Qg3 Rxh1 34. Rxh1 b6
35. Qh4 Qxh4 36. Rxh4 g5 37. Rh5 Kf6 38. Kf3 Ra8 39. a4 1/2-1/2

[Event "CAN-op"]
[Site "Ottawa CAN"]
[Date "1980.07.26"]
[Round "9"]
[White "Brodie, Hugh"]
[Black "Lavin, David"]
[Result "0-1"]
[WhiteElo "1850"]
[BlackElo "2166"]
[PlyCount "42"]
[EventDate "1980.07.19"]
[EventType "swiss"]
[EventRounds "10"]
[EventCountry "CAN"]

1. Nf3 Nf6 2. b3 d5 3. e3 g6 4. Bb2 Bg7 5. Be2 O-O 6. O-O c5 7. c4 dxc4 8. bxc4
Nc6 9. d3 b6 10. Nbd2 Qc7 11. Nb3 e5 12. d4 cxd4 13. exd4 e4 14. Ne1 Re8 15.
Rc1 Bf5 16. f4 exf3 17. Nxf3 Ng4 18. Re1 Bh6 19. Rc3 Nb4 20. Nc1 Bc2 21. Rxc2
Be3+ 0-1

[Event "CAN-op"]
[Site "Ottawa CAN"]
[Date "1980.07.27"]
[Round "10"]
[White "Didiodato, Robert"]
[Black "Brodie, Hugh"]
[Result "1/2-1/2"]
[WhiteElo "1620"]
[BlackElo "1850"]
[PlyCount "55"]
[EventDate "1980.07.19"]
[EventType "swiss"]
[EventRounds "10"]
[EventCountry "CAN"]

1. e4 c5 2. Nf3 Nc6 3. d4 cxd4 4. Nxd4 g6 5. Nc3 Bg7 6. Be3 Nf6 7. f3 Qa5 8.
Bc4 Qb4 9. Nxc6 bxc6 10. Bb3 O-O 11. O-O d6 12. Ne2 Ba6 13. c3 Qb5 14. Rf2 c5
15. Nf4 Rad8 16. Rd2 Qb6 17. Nd5 Nxd5 18. exd5 Rfe8 19. Ba4 Bb5 20. Bxb5 Qxb5
21. Qf1 Qb7 22. Rad1 Rb8 23. Qc4 Qd7 24. Qe4 Rb7 25. Re2 Reb8 26. Bc1 a5 27.
Rde1 Bf6 28. a3 1/2-1/2

[Event "World op"]
[Site "Philadelphia USA"]
[Date "1980.07.02"]
[Round "1"]
[White "Brodie, Hugh"]
[Black "Woodruff, W."]
[Result "1/2-1/2"]
[WhiteElo "1869"]
[BlackElo "1812"]
[PlyCount "120"]
[EventDate "1980.07.02"]
[EventType "swiss"]
[EventRounds "9"]
[EventCountry "USA"]

1. f4 d5 2. Nf3 Nc6 3. b3 Bg4 4. Bb2 e6 5. e3 f6 6. Bb5 Nge7 7. O-O a6 8. Bxc6+
Nxc6 9. d3 Bc5 10. Qe1 Qd6 11. Kh1 O-O-O 12. d4 Ba7 13. c4 dxc4 14. bxc4 Qb4
15. Qc1 e5 16. fxe5 Bxf3 17. gxf3 fxe5 18. Ba3 Qa4 19. d5 Na5 20. Nc3 Qxc4 21.
e4 Bd4 22. Bb2 Qb4 23. Nd1 Rhf8 24. Rb1 Qc4 25. Qxc4 Nxc4 26. Bc1 Rf6 27. Bg5
Rdf8 28. Bxf6 Rxf6 29. Rc1 Nd2 30. Re1 Rxf3 31. Rc2 Nxe4 32. Rxe4 Rf1+ 33. Kg2
Rxd1 34. Kf3 Kd7 35. Kg4 Kd6 36. Ree2 Rf1 37. h4 c5 38. dxc6 bxc6 39. Rc4 Kd5
40. Ra4 c5 41. Rxa6 e4 42. Kg3 e3 43. Kg2 Rf7 44. Ra3 Ke4 45. Rc2 Rf2+ 46. Rxf2
exf2 47. Kf1 c4 48. Ke2 c3 49. Ra8 Kd5 50. Rc8 Bc5 51. Rd8+ Kc4 52. Rd1 Bd4 53.
Rc1 Kb4 54. Kd3 Bf6 55. h5 Be5 56. Rf1 Bg3 57. Rb1+ Ka3 58. Kxc3 Kxa2 59. Rf1
g6 60. Kd3 gxh5 1/2-1/2

[Event "World op"]
[Site "Philadelphia USA"]
[Date "1980.07.03"]
[Round "2"]
[White "Henock, R."]
[Black "Brodie, Hugh"]
[Result "1/2-1/2"]
[WhiteElo "1801"]
[BlackElo "1869"]
[PlyCount "96"]
[EventDate "1980.07.02"]
[EventType "swiss"]
[EventRounds "9"]
[EventCountry "USA"]

1. e4 c5 2. Nf3 Nc6 3. d4 cxd4 4. Nxd4 g6 5. c4 Nf6 6. Nc3 Bg7 7. Be3 Ng4 8.
Qxg4 Nxd4 9. Qd1 Ne6 10. Be2 d6 11. O-O O-O 12. Qd2 Bd7 13. f4 Bc6 14. Bf3 Qa5
15. Nd5 Qd8 16. Rad1 Bxd5 17. cxd5 Nc5 18. Qf2 b6 19. b3 Rc8 20. Bd4 Rc7 21.
Bxg7 Kxg7 22. Qd4+ Kg8 23. b4 Nd7 24. Rc1 Qc8 25. Qb2 b5 26. Rxc7 Qxc7 27. Rc1
Qb7 28. Qc3 Rb8 29. Qc6 Qxc6 30. dxc6 Nb6 31. c7 Rc8 32. Bg4 e6 33. Rc6 Kf8 34.
Be2 Nc4 35. Bxc4 bxc4 36. Rxc4 Ke7 37. Kf2 Kd7 38. Ke3 Rxc7 39. Rxc7+ Kxc7 40.
Kd4 Kc6 41. a4 a6 42. h3 h6 43. g3 h5 44. g4 Kb6 45. f5 hxg4 46. hxg4 g5 47. f6
Kc6 48. Kc4 Kb6 1/2-1/2

[Event "World op"]
[Site "Philadelphia USA"]
[Date "1980.07.03"]
[Round "3"]
[White "Brodie, Hugh"]
[Black "Abell, C."]
[Result "0-1"]
[WhiteElo "1869"]
[BlackElo "1770"]
[PlyCount "126"]
[EventDate "1980.07.02"]
[EventType "swiss"]
[EventRounds "9"]
[EventCountry "USA"]

1. Nc3 Nf6 2. e4 e5 3. f4 exf4 4. e5 Ng8 5. Nf3 d6 6. exd6 Bxd6 7. d4 Nf6 8.
Bc4 O-O 9. O-O c6 10. Ne2 Qc7 11. c3 Bg4 12. h3 Bh5 13. Nh4 Nbd7 14. Nf5 f3 15.
gxf3 Nb6 16. Nxd6 Qxd6 17. Bf4 Qd7 18. Bd3 Qxh3 19. Ng3 Nbd5 20. Qd2 Bg6 21.
Bxg6 fxg6 22. Bd6 Rad8 23. Bxf8 Qxg3+ 24. Kh1 Rxf8 25. Rae1 Nh5 26. Qg2 Qf4 27.
Rf2 Ne3 28. Qh3 Rf5 29. Rg1 Nf6 30. Rh2 Qxf3+ 31. Qxf3 Rxf3 32. Re1 Nfg4 33.
Rhe2 h5 34. b3 h4 35. c4 Kh7 36. Rd2 h3 37. d5 cxd5 38. cxd5 Nf5 39. d6 Ng3+
40. Kg1 h2+ 41. Rxh2+ Nxh2 42. Kxh2 Rd3 43. d7 Nf5 44. Re2 Rxd7 45. Kh3 Kg8 46.
Kg4 Kf7 47. Kg5 Rd5 48. Rf2 Re5 49. b4 Re1 50. Rc2 Rg1+ 51. Kf4 Rg4+ 52. Ke5
Rxb4 53. Rc7+ Ne7 54. a4 Rb6 55. a5 Rb5+ 56. Ke4 Kf6 57. a6 Re5+ 58. Kf3 bxa6
59. Rxa7 a5 60. Kg4 g5 61. Ra6+ Kf7 62. Kh5 g6+ 63. Kg4 Ng8 0-1

[Event "World op"]
[Site "Philadelphia USA"]
[Date "1980.07.04"]
[Round "4"]
[White "Aikin, A."]
[Black "Brodie, Hugh"]
[Result "0-1"]
[WhiteElo "1790"]
[BlackElo "1869"]
[PlyCount "76"]
[EventDate "1980.07.02"]
[EventType "swiss"]
[EventRounds "9"]
[EventCountry "USA"]

1. b3 e5 2. Bb2 d6 3. g3 Nc6 4. Bg2 f5 5. c4 Nf6 6. e3 g6 7. Ne2 Bg7 8. d4 e4
9. a3 Qe7 10. Nbc3 O-O 11. Nf4 Nd8 12. O-O c6 13. h4 Ne6 14. Nce2 Bd7 15. b4
Qf7 16. Qc2 Rac8 17. Rac1 Rfe8 18. Qb3 h6 19. c5 d5 20. a4 g5 21. hxg5 hxg5 22.
Nh3 Qh5 23. Rc2 Kf7 24. Rfc1 Rh8 25. b5 Rh7 26. bxc6 Bxc6 27. a5 Rch8 28. Kf1
Qg4 29. a6 bxa6 30. Nc3 Rxh3 31. Bxh3 Rxh3 32. Ke1 Qf3 33. Re2 Ng4 34. Qb8 Nxf2
35. Qxa7+ Kg8 36. Kd2 Nxd4 37. exd4 Qd3+ 38. Ke1 Rh1+ 0-1

[Event "World op"]
[Site "Philadelphia USA"]
[Date "1980.07.04"]
[Round "5"]
[White "Brodie, Hugh"]
[Black "Robinson, Richard"]
[Result "1-0"]
[WhiteElo "1869"]
[BlackElo "1800"]
[PlyCount "99"]
[EventDate "1980.07.02"]
[EventType "swiss"]
[EventRounds "9"]
[EventCountry "USA"]

1. f4 e5 2. fxe5 d6 3. exd6 Bxd6 4. Nf3 Bg4 5. e4 Nc6 6. Be2 Nf6 7. d3 O-O 8.
Be3 Bh5 9. Bg5 Qe8 10. Bxf6 gxf6 11. Qd2 Kg7 12. Nc3 Qe6 13. Nh4 Bg6 14. O-O
Rg8 15. Nd5 f5 16. Nxf5+ Bxf5 17. Rxf5 Kh8 18. c3 Rg6 19. Nf4 Bxf4 20. Qxf4
Rag8 21. g3 f6 22. b3 Kg7 23. d4 Ne7 24. Rh5 Qd6 25. Qxd6 cxd6 26. Rf1 Rg5 27.
Rxg5+ fxg5 28. Kf2 Rc8 29. c4 Ng8 30. Ke3 Nf6 31. Kd3 a6 32. b4 b5 33. c5 dxc5
34. bxc5 Rd8 35. Rf5 h6 36. d5 Re8 37. Bf3 g4 38. Bg2 Nd7 39. Kd4 Kg6 40. c6
Nb6 41. Rf4 h5 42. e5 Nc4 43. Re4 Kf7 44. Re2 Ke7 45. d6+ Kd8 46. Re4 Nd2 47.
Rf4 Nc4 48. Rf5 Rh8 49. Bd5 Nd2 50. e6 1-0

[Event "World op"]
[Site "Philadelphia USA"]
[Date "1980.07.05"]
[Round "6"]
[White "McCarthy, Pat"]
[Black "Brodie, Hugh"]
[Result "1-0"]
[WhiteElo "1895"]
[BlackElo "1869"]
[PlyCount "93"]
[EventDate "1980.07.02"]
[EventType "swiss"]
[EventRounds "9"]
[EventCountry "USA"]

1. e4 c5 2. c3 d5 3. exd5 Qxd5 4. d4 Nc6 5. Nf3 Nf6 6. Be2 Bg4 7. O-O e6 8. Re1
Be7 9. Be3 cxd4 10. cxd4 O-O 11. Nc3 Qd7 12. Qd2 Rfd8 13. Red1 Bxf3 14. Bxf3
Nb4 15. Rac1 Nbd5 16. Rc2 Rac8 17. a3 a6 18. Rdc1 Bd6 19. Bg5 h6 20. Nxd5 hxg5
21. Nb6 Rxc2 22. Rxc2 Qb5 23. Nc4 Bf4 24. Ne3 g4 25. Be2 Qg5 26. g3 Bd6 27.
Nxg4 Qxd2 28. Nxf6+ gxf6 29. Rxd2 Rc8 30. d5 e5 31. Bd3 Kg7 32. Kg2 Kh6 33. h4
Kg7 34. Kf3 Rc5 35. Be4 Rc7 36. Rc2 Rxc2 37. Bxc2 b6 38. a4 a5 39. g4 Bc5 40.
Ke2 Kf8 41. f3 Bd4 42. b3 Ke8 43. h5 Bc5 44. h6 Kf8 45. Bf5 Kg8 46. h7+ Kg7 47.
Kd3 1-0

[Event "World op"]
[Site "Philadelphia USA"]
[Date "1980.07.05"]
[Round "7"]
[White "Brodie, Hugh"]
[Black "Chow, Richard"]
[Result "1-0"]
[WhiteElo "1869"]
[BlackElo "1832"]
[PlyCount "57"]
[EventDate "1980.07.02"]
[EventType "swiss"]
[EventRounds "9"]
[EventCountry "USA"]

1. f4 d5 2. e3 g6 3. Nf3 Bg7 4. d4 c5 5. c3 Nc6 6. Bd3 Bg4 7. O-O Nf6 8. Nbd2
Qc7 9. Qe1 cxd4 10. exd4 O-O 11. Ne5 Nd7 12. Nxg4 Qb6 13. Kh1 Nf6 14. Nxf6+
Bxf6 15. f5 Qc7 16. Nf3 Rae8 17. Bh6 Bg7 18. Bxg7 Kxg7 19. Ne5 f6 20. Nxc6 Qxc6
21. Qe2 a6 22. Rae1 Qa4 23. a3 Qd7 24. Qe6 Qd8 25. Rf3 Qa5 26. Rh3 Rf7 27.
Rxh7+ Kxh7 28. Qxf7+ Kh8 29. fxg6 1-0

[Event "World op"]
[Site "Philadelphia USA"]
[Date "1980.07.06"]
[Round "8"]
[White "Muller, Dana"]
[Black "Brodie, Hugh"]
[Result "1-0"]
[WhiteElo "1870"]
[BlackElo "1869"]
[PlyCount "75"]
[EventDate "1980.07.02"]
[EventType "swiss"]
[EventRounds "9"]
[EventCountry "USA"]

1. e4 c5 2. Nc3 Nc6 3. g3 g6 4. Bg2 Bg7 5. d3 d6 6. Be3 e6 7. Qd2 f5 8. exf5
gxf5 9. Nge2 Qd7 10. O-O-O Nf6 11. h3 b6 12. d4 Bb7 13. d5 exd5 14. Nxd5 O-O-O
15. Bg5 Rhf8 16. Rhe1 Ne5 17. Nxf6 Bxf6 18. Bxb7+ Kxb7 19. Bxf6 Rxf6 20. Nf4
Rf7 21. Qd5+ Kb8 22. Ne6 Re8 23. Rxe5 dxe5 24. Qxe5+ Qc7 25. Rd8+ Rxd8 26. Nxc7
Rxc7 27. Qxf5 Re7 28. b3 Kc7 29. h4 Rd6 30. g4 Kc6 31. a4 Red7 32. f4 b5 33.
Qe4+ Kb6 34. axb5 Kxb5 35. f5 Rd4 36. Qe8 Kb4 37. f6 c4 38. f7 1-0

[Event "World op"]
[Site "Philadelphia USA"]
[Date "1980.07.06"]
[Round "9"]
[White "Brodie, Hugh"]
[Black "Chiarelli, Joseph"]
[Result "1/2-1/2"]
[WhiteElo "1869"]
[BlackElo "1838"]
[PlyCount "91"]
[EventDate "1980.07.02"]
[EventType "swiss"]
[EventRounds "9"]
[EventCountry "USA"]

1. Nf3 c5 2. b3 Nc6 3. Bb2 d5 4. e3 f6 5. d4 Bg4 6. Bb5 e6 7. O-O Rc8 8. Nbd2
Nh6 9. c4 Bd6 10. cxd5 exd5 11. Rc1 Qe7 12. e4 O-O 13. Bxc6 bxc6 14. Re1 dxe4
15. Nxe4 cxd4 16. Nxd6 Qxd6 17. Qxd4 Qb8 18. Qc4+ Kh8 19. Re3 Bh5 20. h3 Bf7
21. Qc2 Bd5 22. Rce1 Rfe8 23. Bc1 Bxf3 24. gxf3 Nf7 25. Qf5 Rcd8 26. Bb2 Rxe3
27. Rxe3 Re8 28. Rxe8+ Qxe8 29. Qc5 Ng5 30. Kg2 Qc8 31. Kf1 Qxh3+ 32. Ke1 Nxf3+
33. Ke2 Ng1+ 34. Ke1 h6 35. Qxa7 Nf3+ 36. Ke2 Ng1+ 37. Kd2 Qf3 38. Qe3 Qd5+ 39.
Ke1 Nf3+ 40. Ke2 Ng5 41. a4 Qh1 42. Qd3 Qh5+ 43. Kf1 Qh1+ 44. Ke2 Qh5+ 45. Kf1
Qh1+ 46. Ke2 1/2-1/2

[Event "Toronto op"]
[Site "Toronto CAN"]
[Date "1980.04.04"]
[Round "1"]
[White "Brodie, Hugh"]
[Black "Frilles, Ruperto"]
[Result "1-0"]
[WhiteElo "1827"]
[BlackElo "1632"]
[PlyCount "130"]
[EventDate "1980.04.04"]
[EventType "swiss"]
[EventRounds "6"]
[EventCountry "CAN"]

1. f4 g6 2. e4 Bg7 3. Nc3 c5 4. Nf3 Nc6 5. Bc4 a6 6. d3 e6 7. O-O Nge7 8. Qe1
O-O 9. Qh4 d5 10. Bb3 b5 11. a3 c4 12. Ba2 Nd4 13. Nxd4 Bxd4+ 14. Kh1 Bg7 15.
Nd1 dxe4 16. dxe4 Bb7 17. Nf2 Bd4 18. f5 Bxf2 19. Qxf2 exf5 20. Bh6 Bxe4 21.
Rad1 Nd5 22. Bxf8 Qxf8 23. c3 Nf6 24. Bb1 Bd5 25. Qh4 Qg7 26. Rfe1 g5 27. Qd4
Qg6 28. Re5 Rd8 29. Kg1 Kg7 30. Rxf5 Be4 31. Rxf6 Qxf6 32. Qxf6+ Kxf6 33. Rxd8
Bxb1 34. Rd6+ Ke5 35. Rxa6 Bc2 36. Rb6 Ba4 37. Kf2 f5 38. Rh6 Ke4 39. Ke2 Bc2
40. Rxh7 Bd3+ 41. Kf2 Bc2 42. Rd7 g4 43. g3 Bb3 44. Rd4+ Ke5 45. Ke3 Bc2 46.
Rd8 Be4 47. Re8+ Kd5 48. Kf4 Bc2 49. Rd8+ Kc5 50. Ke5 Kb6 51. Kd6 Be4 52. Rb8+
Bb7 53. Ke5 Ka7 54. Rxb7+ Kxb7 55. Kxf5 Ka6 56. Kxg4 Ka5 57. h4 Ka4 58. h5 Kb3
59. h6 Kxb2 60. h7 Kxc3 61. h8=Q+ Kb3 62. Qa1 c3 63. Qb1+ Kxa3 64. Qxb5 c2 65.
Qc5+ Kb2 1-0

[Event "Toronto op"]
[Site "Toronto CAN"]
[Date "1980.04.04"]
[Round "2"]
[White "Ersil, Ed"]
[Black "Brodie, Hugh"]
[Result "1-0"]
[WhiteElo "1703"]
[BlackElo "1827"]
[PlyCount "81"]
[EventDate "1980.04.04"]
[EventType "swiss"]
[EventRounds "6"]
[EventCountry "CAN"]

1. e4 c5 2. Nf3 Nc6 3. d4 cxd4 4. Nxd4 g6 5. Nc3 Bg7 6. Be3 Nf6 7. Be2 O-O 8.
O-O d5 9. exd5 Nxd5 10. Nxd5 Nxd4 11. Bxd4 Qxd5 12. Bxg7 Qxd1 13. Raxd1 Kxg7
14. Rd2 e5 15. Rfd1 Be6 16. Bf3 Rab8 17. Bd5 Rfe8 18. Bxe6 Rxe6 19. Rd7 a6 20.
Rc7 Rc6 21. Rxc6 bxc6 22. b3 Rb5 23. c4 Rb7 24. Rd8 f5 25. Kf1 Rc7 26. Ra8 Kf6
27. Rxa6 e4 28. b4 Ke5 29. a4 Kd4 30. c5 Kc4 31. Rb6 Rd7 32. b5 cxb5 33. c6
Rd1+ 34. Ke2 Rc1 35. axb5 Kd4 36. Kd2 Rc3 37. Rb7 f4 38. Rd7+ Kc4 39. b6 Ra3
40. c7 Ra2+ 41. Kc1 1-0

[Event "Toronto op"]
[Site "Toronto CAN"]
[Date "1980.04.05"]
[Round "3"]
[White "Brodie, Hugh"]
[Black "Waghorn, Kevin"]
[Result "1-0"]
[WhiteElo "1827"]
[BlackElo "1618"]
[PlyCount "59"]
[EventDate "1980.04.04"]
[EventType "swiss"]
[EventRounds "6"]
[EventCountry "CAN"]

1. f4 Nf6 2. Nf3 g6 3. Nc3 d5 4. e3 Bg4 5. h3 Bxf3 6. Qxf3 e6 7. d4 Nh5 8. Bd3
Qh4+ 9. Kd1 Ng3 10. Rg1 h5 11. Bd2 Nf5 12. Ke2 Ng3+ 13. Kd1 Nf5 14. Nb5 Na6 15.
e4 Ne7 16. Be1 Qf6 17. e5 Qg7 18. Bh4 Ng8 19. c4 f6 20. cxd5 O-O-O 21. Nxa7+
Kb8 22. Nc6+ bxc6 23. Bxa6 Ka7 24. d6 Kxa6 25. Qxc6+ Ka7 26. dxc7 Rc8 27. Rc1
Ne7 28. Qc5+ Kb7 29. Qb5+ Ka7 30. Rc4 1-0

[Event "Toronto op"]
[Site "Toronto CAN"]
[Date "1980.04.05"]
[Round "4"]
[White "Padua, P."]
[Black "Brodie, Hugh"]
[Result "0-1"]
[WhiteElo "1680"]
[BlackElo "1827"]
[PlyCount "144"]
[EventDate "1980.04.04"]
[EventType "swiss"]
[EventRounds "6"]
[EventCountry "CAN"]

1. d4 e6 2. Nf3 f5 3. Nbd2 Nf6 4. c3 b6 5. e3 Bb7 6. a4 Be7 7. a5 O-O 8. a6 Bc8
9. b4 Ne4 10. Qb3 d5 11. b5 c5 12. c4 cxd4 13. exd4 Kh8 14. Ba3 Bxa3 15. Rxa3
Qd6 16. Ne5 Nxd2 17. Kxd2 dxc4 18. Qc3 Nd7 19. Nxc4 Qf4+ 20. Qe3 Qxe3+ 21. fxe3
Nf6 22. Ne5 Bd7 23. Bc4 Rfe8 24. Rc1 Re7 25. h3 Rc8 26. Rb1 Rc7 27. Bd3 Kg8 28.
g4 g6 29. Rc3 Rxc3 30. Kxc3 Kf8 31. g5 Nd5+ 32. Kd2 Ke8 33. Rc1 Kd8 34. h4 Be8
35. Nc6+ Bxc6 36. bxc6 Kc7 37. e4 fxe4 38. Bxe4 Kd6 39. h5 gxh5 40. Rh1 Kxc6
41. Rxh5 Kd6 42. Bxh7 Rg7 43. Be4 Nf4 44. Rh4 e5 45. g6 Ne6 46. d5 Ng5 47. Ke3
Nxe4 48. Kxe4 Rxg6 49. Rh7 Rg4+ 50. Ke3 Kxd5 51. Rxa7 Rg3+ 52. Kf2 Ra3 53. Ra8
Kc6 54. Ke2 Ra5 55. Ke3 b5 56. Ke4 Kb6 57. Kxe5 Rxa6 58. Rb8+ Kc5 59. Rc8+ Kb4
60. Kd5 Ra2 61. Rb8 Rc2 62. Rb7 Ka4 63. Kd4 b4 64. Kd3 Rc8 65. Kd2 Ka3 66. Kd1
b3 67. Ra7+ Kb2 68. Kd2 Rc2+ 69. Kd1 Kb1 70. Ra6 Ra2 71. Rb6 b2 72. Rb3 Ka1 0-1

[Event "Toronto op"]
[Site "Toronto CAN"]
[Date "1980.04.06"]
[Round "5"]
[White "Brodie, Hugh"]
[Black "Morrell, Gord"]
[Result "1/2-1/2"]
[WhiteElo "1827"]
[BlackElo "1755"]
[PlyCount "91"]
[EventDate "1980.04.04"]
[EventType "swiss"]
[EventRounds "6"]
[EventCountry "CAN"]

1. f4 g6 2. e4 Bg7 3. d4 d6 4. Nc3 Nc6 5. Be3 Nf6 6. Be2 O-O 7. h3 e5 8. fxe5
dxe5 9. d5 Nd4 10. Nf3 Nxf3+ 11. Bxf3 Ne8 12. O-O Nd6 13. Qe2 Bd7 14. Rad1 Kh8
15. Kh2 f5 16. b3 Bf6 17. Qd2 Bh4 18. g3 Bxg3+ 19. Kxg3 f4+ 20. Bxf4 Rxf4 21.
Kh2 Qh4 22. Bg2 Raf8 23. Qe3 g5 24. Rxf4 gxf4 25. Qe1 Qh6 26. Qd2 Rg8 27. Qf2
Rg3 28. Rd3 Bxh3 29. Rxg3 fxg3+ 30. Qxg3 Bxg2+ 31. Kxg2 Qg7 32. Qxg7+ Kxg7 33.
Kf3 h5 34. Ne2 a5 35. c4 b6 36. Ng3 Kg6 37. Ne2 Kg5 38. Nc3 h4 39. Nd1 h3 40.
Nf2 h2 41. Nh1 Nb7 42. Kg3 Nc5 43. Nf2 h1=Q 44. Nxh1 Nxe4+ 45. Kf3 Kf5 46. Ke3
1/2-1/2

[Event "Toronto op"]
[Site "Toronto CAN"]
[Date "1980.04.06"]
[Round "6"]
[White "Husain, Imtiaz"]
[Black "Brodie, Hugh"]
[Result "0-1"]
[WhiteElo "1635"]
[BlackElo "1827"]
[PlyCount "54"]
[EventDate "1980.04.04"]
[EventType "swiss"]
[EventRounds "6"]
[EventCountry "CAN"]

1. c4 e6 2. Nc3 f5 3. d4 Nf6 4. g3 Bb4 5. Bg5 O-O 6. Bg2 d6 7. Qb3 Bxc3+ 8.
Qxc3 Qe8 9. Bxf6 Rxf6 10. O-O-O c6 11. Nf3 Nd7 12. Rhe1 e5 13. e4 f4 14. d5 c5
15. Bh3 a6 16. gxf4 Rxf4 17. Be6+ Kh8 18. Ng5 Nf8 19. Qh3 Rf6 20. Rg1 h6 21.
Bg4 Bxg4 22. Rxg4 Qa4 23. Rdg1 Qxc4+ 24. Kb1 Rxf2 25. Nf7+ Rxf7 26. Rxg7 Qxe4+
27. Ka1 Rxg7 0-1

[Event "Burlington VT-1"]
[Site "Burlington USA"]
[Date "1980.03.01"]
[Round "1"]
[White "Brodie, Hugh"]
[Black "Ellis, R."]
[Result "1-0"]
[WhiteElo "1850"]
[BlackElo "1499"]
[PlyCount "79"]
[EventDate "1980.03.01"]
[EventType "swiss"]
[EventRounds "3"]
[EventCountry "USA"]

1. e4 e6 2. d3 c5 3. Nd2 Nc6 4. Ngf3 d5 5. g3 Nf6 6. Bg2 Be7 7. O-O O-O 8. Re1
Qc7 9. Nf1 h6 10. h4 e5 11. exd5 Nxd5 12. Nxe5 Nxe5 13. Bxd5 Bf6 14. Bf4 Re8
15. Nh2 Qd8 16. Bg2 Ng6 17. Bc1 Rb8 18. Rb1 b6 19. Bd2 Bb7 20. Ng4 Rxe1+ 21.
Qxe1 Bxg2 22. Nxf6+ Qxf6 23. Kxg2 Qc6+ 24. Qe4 Qd7 25. Re1 Nf8 26. f3 Ne6 27.
Qg4 Kf8 28. Bc3 Qc6 29. Qe4 Qd7 30. Qh7 Qb7 31. Qh8+ Ke7 32. Qxg7 Ke8 33. Qxh6
Kd7 34. Qf6 Kc6 35. a4 Rg8 36. Rxe6+ fxe6 37. Qxe6+ Kc7 38. Be5+ Kd8 39. Qxg8+
Kd7 40. Qf7+ 1-0

[Event "Burlington VT-1"]
[Site "Burlington USA"]
[Date "1980.03.01"]
[Round "2"]
[White "Brodie, Hugh"]
[Black "Shaw, Alan"]
[Result "1-0"]
[WhiteElo "1850"]
[BlackElo "1973"]
[PlyCount "81"]
[EventDate "1980.03.01"]
[EventType "swiss"]
[EventRounds "3"]
[EventCountry "USA"]

1. Nf3 d5 2. b3 Nf6 3. Bb2 e6 4. e3 Be7 5. Be2 b6 6. O-O Bb7 7. Ne5 O-O 8. f4
Nbd7 9. d3 Nxe5 10. fxe5 Nd7 11. d4 f5 12. Nd2 Bg5 13. Rf3 c5 14. Rh3 Rf7 15.
c4 Nf8 16. cxd5 exd5 17. Bd3 g6 18. Qe2 Ne6 19. Nf3 Be7 20. Qd2 Qd7 21. Rf1
Raf8 22. Rg3 f4 23. exf4 Rxf4 24. dxc5 Bxc5+ 25. Kh1 Qf7 26. Qd1 Bc8 27. Bc1
Rf5 28. Bxf5 Qxf5 29. Bh6 Rf7 30. Nd2 Qxe5 31. Rxf7 Kxf7 32. Rf3+ Ke8 33. Qf1
Bd6 34. Rh3 Ng5 35. Bxg5 Bxh3 36. Nf3 Bxg2+ 37. Kxg2 Qb2+ 38. Qf2 Qg7 39. Qd4
Qd7 40. h3 Qf5 41. Qh8+ 1-0

[Event "Burlington VT-1"]
[Site "Burlington USA"]
[Date "1980.03.01"]
[Round "3"]
[White "Agnew, Gerald"]
[Black "Brodie, Hugh"]
[Result "1-0"]
[WhiteElo "1874"]
[BlackElo "1850"]
[PlyCount "140"]
[EventDate "1980.03.01"]
[EventType "swiss"]
[EventRounds "3"]
[EventCountry "USA"]

1. e4 b6 2. d4 e6 3. Bd3 Bb7 4. Nf3 Nf6 5. Qe2 c5 6. c3 Qc7 7. O-O Be7 8. Na3
a6 9. Nc2 c4 10. Bxc4 Bxe4 11. Bd3 Bxd3 12. Qxd3 d5 13. Bg5 Nbd7 14. Rfe1 Bd6
15. Ne3 O-O 16. Bxf6 Nxf6 17. Nf1 b5 18. Ne5 Nd7 19. f4 Rfe8 20. g3 Rac8 21. a3
Qa7 22. Nxd7 Qxd7 23. Re2 Re7 24. Nd2 Qc7 25. Rc1 Qb6 26. Kg2 Qc6 27. b4 Rb7
28. Nb3 Qc4 29. Qxc4 bxc4 30. Na1 Ra8 31. a4 Kf8 32. Kf3 Ke7 33. Rb1 Kd7 34.
Reb2 Rab8 35. Nc2 Kc6 36. Na3 Kc7 37. Nc2 Kc6 38. Ne3 g6 39. Ng4 h5 40. Ne5+
Bxe5 41. fxe5 g5 42. Rf2 Rh8 43. Kg2 Rh7 44. Rbf1 Re7 45. Rf6 Rb7 46. Kf3 Rb8
47. Rf2 Re8 48. Ke3 Re7 49. Kf3 Re8 50. h4 g4+ 51. Kf4 Rg8 52. Ke3 Rgg7 53. Kd2
Kb6 54. Kc2 Kc6 55. Kb2 Kb6 56. Ka3 Kc6 57. Rb2 Rg8 58. b5+ axb5 59. Rxb5 Ra8
60. Kb4 Ra7 61. a5 Rb7 62. Rxb7 Kxb7 63. Kb5 Ka7 64. a6 Ka8 65. Kb6 Kb8 66. a7+
Ka8 67. Ka6 Rh8 68. Rxf7 Rd8 69. Rb7 Rc8 70. Rb8+ Rxb8 1-0